Spoločenský styk pre stredné ekonomické školy, študijné odbory zahraničný obchod a organizácia administratívy : 4. ročník študijného odboru zahraničný obchod /

Hlavní autor: Ječný, Dobromil, 1917-2009
Další autoři: Gúčiková, Monika
Jazyk: Slovenština
Vydáno: Bratislava : Slovenské pedagogické nakladateľstvo, 1987
Vydání: 1. vyd.
Fyzický popis: 134 stran ; 8°
Knihy
Uloženo v:
LEADER 01037nam a22002652a 4500
001 000275402
003 CZ BrMZK
005 20160629105913.0
007 ta
008 950313s1987 xo f slo d
040 |a ABA001  |b cze  |c ABA001  |d ABA001  |d BOA001 
041 1 |a slo  |h cze 
080 9 |a 395(075.3):377.5:33 
100 1 |a Ječný, Dobromil,  |d 1917-2009  |7 jk01051375  |4 aut 
245 1 0 |a Spoločenský styk pre stredné ekonomické školy, študijné odbory zahraničný obchod a organizácia administratívy :  |b 4. ročník študijného odboru zahraničný obchod /  |c Dobromil Ječný ; preložila Monika Gúčiková 
250 |a 1. vyd. 
260 |a Bratislava :  |b Slovenské pedagogické nakladateľstvo,  |c 1987 
300 |a 134 stran ;  |c 8° 
500 |a Přeloženo z češtiny 
504 |a Obsahuje bibliografii 
700 1 |a Gúčiková, Monika  |7 xx0135129  |4 trl 
910 |a BOA001  |b M2-0918.560 
990 |a BK 
991 |b 201602 
996 7 |b 2619774424  |c M2-0918.560  |l MZK  |r Sklad / do 24 hodin  |n 1  |w 000275402  |u 000010  |a 1  |e BOA001  |j MZK50  |s A